Taylor Swift - Paroles Beautiful Eyes - Statistiques

Statistiques générales
  • Ce quiz a été pris 7 fois
  • Le résultat moyen est 147 sur 166
Statistiques - réponses
Hint Réponse % Correct
a
100%
And
100%
are
100%
at
100%
be
100%
beautiful
100%
before
100%
'Cause
100%
cause
100%
don't
100%
eyes,
100%
eyes
100%
Eyes,
100%
I
100%
I'll
100%
i'll
100%
I'm
100%
In
100%
Bridge Just
100%
know
100%
love
100%
me
100%
my
100%
My
100%
never
100%
of
100%
oh
100%
Oh
100%
So
100%
this
100%
up,
100%
where
100%
you
100%
you,
100%
Couplet 1 Your
100%
your
100%
your,
100%
Refrain You're
100%
you're
100%
as
80%
baby,
80%
baby
80%
Dream
80%
dream
80%
everything
80%
felt
80%
fly
80%
has
80%
heart
80%
here,
80%
into
80%
kiss
80%
late
80%
Let
80%
let
80%
long
80%
looking
80%
mine
80%
need
80%
night
80%
only
80%
right
80%
see
80%
stare
80%
think
80%
tonight,
80%
wanna
80%
way
80%
why
80%
about,
60%
about
60%
alive
60%
come,
60%
cry
60%
hold
60%
little
60%
lullaby
60%
make
60%
miss
60%
sometimes
60%
somewhere
60%
through
60%
tight
60%
wake
60%
while
60%
Aucun quiz correspondant
Distribution des résultats
% des personnes avec chaque résultat
Percentile par nombre de réponses
Votre historique - résultats
Vous n’avez pas pris ce quiz